00673cam a2200157u 450000100100000000500170001000800410002704000250006810000360009324501670012925000110029626000360030730000390034395201180038299900150050000000125520200929145524.0850618s1924 fr c 000 0 fre  aDO-SdBNPbspacBNPHU1 aBonnescase, Julien,d18789426312aL'ecole de l'exegese en droit civil. :bLes traits distinctifs de sa doctrine et de ses methodes d'apres la profession de foi de ses plus illustres representants. a2. ed. aParis, :bE. de Boccard,c1924. a2 p.l., 285 p. :bports. ;c23 cm. 001052758DSaBNPHUbBNPHUcHDd2009-09-22iLF1l0o p1255-10r2020-06-25w2020-06-25yLF1ZPréstamo interno c1198d1198